Análisis de la deformabilidad de la fundación de la contrapresa del Proyecto Hidroeléctrico Pirrís

Kaydedildi:
Detaylı Bibliyografya
Yazar: Ordóñez Sequeira, Karla
Materyal Türü: Kitap
Baskı/Yayın Bilgisi: [San José, Costa Rica] 2005
Konular:
Etiketler: Etiketle
Etiket eklenmemiş, İlk siz ekleyin!

MARC

LEADER 00000nam a2200000Ia 4500
003 009502
005 20221231144131.0
008 140114s2005 cr a m 000 ||s d
040 |c cru CEDI  
090 |a TFG 5042 
100 |a Ordóñez Sequeira, Karla  |9 6066 
245 |a Análisis de la deformabilidad de la fundación de la contrapresa del Proyecto Hidroeléctrico Pirrís  
260 |c 2005  |a  [San José, Costa Rica] 
300 |a  x, 133, [41] hojas (algunas plegables) : ilustraciones a color, mapas (algunos a color), planos  
500 |a  Proyecto de graduación (licenciatura en ingeniería civil)--Universidad de Costa Rica, Escuela de Ingeniería Civil 
650 |x INSTITUTO COSTARRICENSE DE ELECTRICIDAD. PROYECTO HIDROELECTRICO PIRRIS   |x REPRESAS DE GRAVEDAD   |x  CIMENTACIONES   |x ESFUERZO Y TENSION   |x DISEÑO DE ESTRUCTURAS   |x SIMULACION POR COMPUTADORA  |9 6067 
942 |c TFG 
999 |c 17381  |d 17381